Statistics for Countries With Most Wins in Big Four Pageants

Click here to take the quiz!

General Stats

  • This quiz has been taken 33 times
  • The average score is 18 of 24

Answer Stats

Answer% Correct
Miss WorldUnited States
97%
Miss InternationalUnited States
97%
Miss UniverseUnited States
97%
Miss WorldIndia
94%
Miss InternationalColumbia
90%
Miss WorldUnited Kingdom
90%
Miss EarthBrazil
87%
Miss EarthVenezuela
87%
Miss UniverseVenezuela
87%
Miss InternationalVenezuela
87%
Miss WorldVenezuela
87%
Miss InternationalSpain
84%
Miss InternationalAustralia
81%
Miss UniverseSweden
77%
Miss WorldSweden
77%
Miss WorldSouth Africa
71%
Miss EarthPhilippines
58%
Miss UniversePhilippines
58%
Miss InternationalPhilippines
58%
Miss InternationalPoland
55%
Miss UniversePuerto Rico
52%
Miss EarthEcuador
48%
Miss WorldJamaica
48%
Miss WorldIceland
42%

Score Distribution

Percentile by Number Answered

Percent of People with Each Score

Your Score History

You have not taken this quiz